000 00415nam a2200169Ia 4500
001 25990
003 IN-NITTTR
005 20251114233328.0
008 251113s9999||||xx |||||||||||||| ||eng||
040 _beng
040 _cIN-NITTTR
041 _aeng
082 _a005.4320 M581M
100 _aMicrosoft Corporation,
245 0 _aMicrosoft OfficeXP :
_b resource kit /
_cMicrosoft Corporation
942 _2ddc
_cBK
999 _c28619
_d28619